000
00501nam a2200169Ia 4500
008
090124s9999 xx 000 0 und d
082
_b
118267
100
_a
बाविस्कर भाऊ
245
_a
अखेरचा मुजरा
250
_a
0
300
_a
116
600
_a
बाविस्कर भाऊ
630
_a
अखेरचा मुजरा
700
_a
बाविस्कर भाऊ
730
_a
अखेरचा मुजरा
942
_c
BOOK
999
_c
164354
_d
164354